Music Quiz

Random Music or Album Quiz

They Might Be Giants Albums Quiz Stats

 Plays Quiz Updated Mar 27, 2020

     
Support Sporcle.
Go Orange.
Score 0/22 Timer 06:00
0 Plays Today
Year Title % Correct
1990Flood
82.1%
1986They Might Be Giants
80.7%
1988Lincoln
64.7%
1992Apollo 18
62.7%
1994John Henry
57.6%
2002No!
54.9%
2001Mink Car
50.9%
2005Here Come the ABCs
50.5%
2013Nanobots
50.2%
2018I Like Fun
49.1%
2015Glean
47.8%
Year Title % Correct
1996Factory Showroom
47.8%
2004The Spine
46.1%
2008Here Come the 123s
44.5%
2007The Else
44.4%
2016Phone Power
43.2%
2018My Murdered Remains
42.1%
2015Why?
40%
2018The Escape Team
30.1%
1999Long Tall Weekend
26.1%
2009Here Comes Science
21.2%
2011Join Us
18.7%

From the Vault

Movie Set in a Single Day

by babymonkee

Movies 8m
It would be even more impressive if these movies were filmed in a single day.
Remove Ads.
Support Sporcle.
Get the best of Sporcle when you Go Orange. This ad-free experience offers more features, more stats, and more fun while also helping to support Sporcle. Thank you for becoming a member.

Show Comments

Extras

Top Quizzes Today


Score Distribution

Your Account Isn't Verified!

In order to create a playlist on Sporcle, you need to verify the email address you used during registration. Go to your Sporcle Settings to finish the process.

Report this User

Report this user for behavior that violates our Community Guidelines.

Details: